00562cam a22001937a 4500003000500000005001700005008004100022010001000063011001000073035001000083040000900093100001900102245003300121260008100154300001000235490004800245650002500293830005000318CHAP20220817043144.0971013s1978 r 00010 d a66961 a67933 a77405 cCHAP00aAragon, Jorge. 0aNotas de números complejos aMéxico :bUNAM. Facultad de Ciencias. Departamento de Matemáticas,c1978 a90 p. 0aComunicación interna notas de clasev; 1214aNúmeros complejos.0 aComunicación interna - Notas de clasev; 12